00000000nam##2200000za#4500
0019.608236
003CaOODSP
00520210624213527
007cr |||||||||||
008150406|2005||||xxc|||||o    f|0| 0 fre|d
040 |aCaOODSP|bfre
043 |an-cn---
0861 |aSC102-2/29-2005F-MP3
1102 |aÉcole de la fonction publique du Canada.
24510|aApprécier les capacités ou les compétences de quelqu'un. Fichier audio |h[ressource électronique]
2461 |iTitre additionnel (dans la publication) : |aAuto-évaluation - Activités orales : Objectif de formation 29
260 |aOttawa - Ontario : |bÉcole de la fonction publique du Canada
300 |aDurée : 00:38:34
4901 |aProgramme de français langue seconde - Niveaux A et B. Fichier audio |vObjectif de formation 29, 2005
500 |aTitre de l'édition imprimée et du catalogueur. Fichiers audio qui accompagnent la version imprimée (SC102-2/29-2005F) et électronique (SC102-2/29-2005F-PDF) de ce titre. Comprend des activités de mise en train et de performance d'auto-évaluation orale.
590 |a15-01-Supp|b2015-01-26
590 |a14-52-Supp|b2014-08-22
830#0|aProgramme de français langue seconde - Niveaux A et B. Fichier audio ;|vObjectif de formation 29, 2005|w(CaOODSP)9.504304
85640|ahttp://publications.gc.ca|qMP3|s10.2 Mo|uhttps://publications.gc.ca/collections/collection_2015/efpc-csps/SC102-2-29-3m-2005-fra.mp3
85640|ahttp://publications.gc.ca|qMP3|s2.51 Mo|uhttps://publications.gc.ca/collections/collection_2015/efpc-csps/SC102-2-29-2p-2005-fra.mp3
85640|ahttp://publications.gc.ca|qMP3|s3.53 Mo|uhttps://publications.gc.ca/collections/collection_2015/efpc-csps/SC102-2-29-3p-2005-fra.mp3
85640|ahttp://publications.gc.ca|qMP3|s3.10 Mo|uhttps://publications.gc.ca/collections/collection_2015/efpc-csps/SC102-2-29-1p-2005-fra.mp3
85640|ahttp://publications.gc.ca|qMP3|s6.63 Mo|uhttps://publications.gc.ca/collections/collection_2015/efpc-csps/SC102-2-29-2m-2005-fra.mp3
85640|ahttp://publications.gc.ca|qMP3|s8.99 Mo|uhttps://publications.gc.ca/collections/collection_2015/efpc-csps/SC102-2-29-1m-2005-fra.mp3
85640|ahttp://publications.gc.ca|qMP3|s4.12 Mo|uhttps://publications.gc.ca/collections/collection_2015/efpc-csps/SC102-2-29-8-2005-fra.mp3
85640|ahttp://publications.gc.ca|qMP3|s4,22 Mo|uhttps://publications.gc.ca/collections/collection_2015/efpc-csps/SC102-2-29-6-2005-fra.mp3
85640|ahttp://publications.gc.ca|qMP3|s4.62 Mo|uhttps://publications.gc.ca/collections/collection_2015/efpc-csps/SC102-2-29-13-2005-fra.mp3
85640|ahttp://publications.gc.ca|qMP3|s6.12 Mo|uhttps://publications.gc.ca/collections/collection_2015/efpc-csps/SC102-2-29-7-2005-fra.mp3
85640|ahttp://publications.gc.ca|qMP3|s3.83 Mo|uhttps://publications.gc.ca/collections/collection_2015/efpc-csps/SC102-2-29-14-2005-fra.mp3
85640|ahttp://publications.gc.ca|qMP3|s5.07 Mo|uhttps://publications.gc.ca/collections/collection_2015/efpc-csps/SC102-2-29-22-2005-fra.mp3
85640|ahttp://publications.gc.ca|qMP3|s3.21 Mo|uhttps://publications.gc.ca/collections/collection_2015/efpc-csps/SC102-2-29-23-2005-fra.mp3
85640|ahttp://publications.gc.ca|qMP3|s5.02 Mo|uhttps://publications.gc.ca/collections/collection_2015/efpc-csps/SC102-2-29-31-2005-fra.mp3
85640|ahttp://publications.gc.ca|qMP3|s6.59 Mo|uhttps://publications.gc.ca/collections/collection_2015/efpc-csps/SC102-2-29-17-2005-fra.mp3
85640|ahttp://publications.gc.ca|qMP3|s103.98 Mo|uhttps://publications.gc.ca/collections/collection_2015/efpc-csps/SC102-2-29-20-2005-fra.mp3
85640|ahttp://publications.gc.ca|qMP3|s7.37 Mo|uhttps://publications.gc.ca/collections/collection_2015/efpc-csps/SC102-2-29-21-2005-fra.mp3|yObjectif de formation 29, 2005